00000000cam 2200000zi 4500
0019.963073
003CaOODSP
00520260526101930
006m     o  d f      
007cr bn|||||||||
008260526t20142006onc     ob   f000 0 fre d
040 |aCaOODSP|bfre|erda|cCaOODSP
043 |an-cn---
0861 |aT52-4/287-2014F-PDF
24500|aGuide d'étude et de référence pour les examens écrits pour la qualification de type - avion avec équipage de deux pilotes ou pilote de réserve en croisière (IATRA).
250 |aTroisième édition.
264 1|a[Ottawa] : |bTransports Canada = Transport Canada, |c[2014]
264 4|c©2006
300 |a1 ressource en ligne (ii, 14 pages)
336 |atexte|btxt|2rdacontent/fre
337 |ainformatique|bc|2rdamedia/fre
338 |aressource en ligne|bcr|2rdacarrier/fre
500 |aPublié aussi en anglais sous le titre : Study and reference guide for written examination for the type rating for two crew aeroplane or cruise relief pilot (IATRA).
500 |aCette publication est la révision d'octobre 2014 de la troisième édition publiée initialement en août 2006.
500 |a« TP 13524F (Révisé 10/2014). »
500 |a« Août 2006. »
500 |a« TC-1002055 » -- Verso de la couverture.
504 |aComprend des références bibliographiques.
650 6|aAvions|xPilotage|zCanada|xExamens|vGuides de l'étudiant.
650 6|aPilotes d'aéronef|xPermis, licences, etc.|zCanada.
655 7|aGuides de l'étudiant|2rvmgf
7101 |aCanada. |bTransports Canada, |eorganisme de publication.
77508|tStudy and reference guide for written examination for the type rating for two crew aeroplane or cruise relief pilot (IATRA).|w(CaOODSP)9.961532
85640|qPDF|s106 Ko|uhttps://publications.gc.ca/collections/collection_2026/tc/T52-4-287-2014-fra.pdf
8564 |qHTML|sS.O.|uhttps://tc.canada.ca/fr/aviation/publications/guide-etude-reference-examen-iatra-qualification-type-avion-avec-equipage-deux-pilotes-pilote-reserve-croisiere-tp-13524
986 |aTP 13524F
986 |aTC-1002055